000 00734nam a2200289Ia 4500
001 43059
005 20240114003532.0
007 ta
008 080805s1961 g b000 u 465 u
040 _aCottonCollege,Assam
041 _a465
082 _a562
_bWo 861 Pa
100 _aWoods, Henry .
245 0 _aPalentology: Invertebrate /
_cHenry Woods.
_hTextual Documents
250 _aIst ed /
260 _aDelhi :
_bC B s Publishers & Distributors ,
_c1961.
300 _a477p. ;
_c17cm.
653 _aGeology-Paleontology
653 _aT/G-Geology
653 _aT/G-Geology
653 _aT/G-Geology
942 _2ddc
_cBK
999 _c43025
_d43025